|
|
|
|
| LEADER |
00000caa a22000002c 4500 |
| 001 |
1639389806 |
| 003 |
DE-627 |
| 005 |
20220608124920.0 |
| 007 |
tu |
| 008 |
140612s1987 xx ||||| 00| ||eng c |
| 035 |
|
|
|a (DE-627)1639389806
|
| 035 |
|
|
|a (DE-576)40789098X
|
| 035 |
|
|
|a (DE-599)BSZ40789098X
|
| 040 |
|
|
|a DE-627
|b ger
|c DE-627
|e rakwb
|
| 041 |
|
|
|a eng
|
| 100 |
1 |
|
|a Seyfrit, Carole L.
|0 (DE-588)171767756
|0 (DE-627)062009540
|0 (DE-576)132536501
|4 aut
|
| 109 |
|
|
|a Seyfrit, Carole L.
|
| 245 |
1 |
0 |
|a Peer juries as a juvenile justice diversion technique
|c Carole L. Seyfrit; Philip L. Reichel; Brian L. Stutts
|
| 264 |
|
1 |
|c 1987
|
| 336 |
|
|
|a Text
|b txt
|2 rdacontent
|
| 337 |
|
|
|a ohne Hilfsmittel zu benutzen
|b n
|2 rdamedia
|
| 338 |
|
|
|a Band
|b nc
|2 rdacarrier
|
| 700 |
1 |
|
|a Reichel, Philip L. (Lee)
|4 aut
|
| 700 |
1 |
|
|a Stutts, Brian L.
|4 aut
|
| 773 |
0 |
8 |
|i In
|t Youth & society
|d Thousand Oaks [u.a.] : Sage Publ., 1969
|g 18(1987), 3, Seite 302 ff.
|w (DE-627)129096113
|w (DE-600)7590-5
|w (DE-576)014432382
|x 0044-118X
|7 nnas
|
| 773 |
1 |
8 |
|g volume:18
|g year:1987
|g number:3
|g pages:302 ff.
|
| 951 |
|
|
|a AR
|
| ELC |
|
|
|b 1
|
| LOK |
|
|
|0 000 xxxxxcx a22 zn 4500
|
| LOK |
|
|
|0 001 329993810X
|
| LOK |
|
|
|0 003 DE-627
|
| LOK |
|
|
|0 004 1639389806
|
| LOK |
|
|
|0 005 20140612160704
|
| LOK |
|
|
|0 008 140612||||||||||||||||ger|||||||
|
| LOK |
|
|
|0 040
|a DE-21-110
|c DE-627
|d DE-21-110
|
| LOK |
|
|
|0 689
|a s
|a Geschworene
|
| LOK |
|
|
|0 689
|a s
|a Jugendgerichtsbarkeit
|
| LOK |
|
|
|0 852
|z Kein Bestand am IfK; Nachweis für KrimDok
|
| LOK |
|
|
|0 852
|a DE-21-110
|
| LOK |
|
|
|0 852 1
|m v
|9 00
|
| LOK |
|
|
|0 935
|a k110
|
| LOK |
|
|
|0 938
|k v
|
| LOK |
|
|
|0 939
|a 12-06-14
|b l01
|
| ORI |
|
|
|a SA-MARC-krimdoka001.raw
|